Modern Economic Theory (Record no. 298782)

MARC details
000 -LEADER
fixed length control field 00383nam a22001337a 4500
020 ## - INTERNATIONAL STANDARD BOOK NUMBER
International Standard Book Number 81-219-2463-4
082 ## - DEWEY DECIMAL CLASSIFICATION NUMBER
Classification number 330 DEW/MO
100 ## - MAIN ENTRY--PERSONAL NAME
Personal name Dr.K K Dewett
-- M H Navalur
245 ## - TITLE STATEMENT
Title Modern Economic Theory
260 ## - PUBLICATION, DISTRIBUTION, ETC. (IMPRINT)
Place of publication, distribution, etc. New Delhi
Name of publisher, distributor, etc. Shyam Lal Charitable Trust
Date of publication, distribution, etc. 2010
300 ## - PHYSICAL DESCRIPTION
Extent 1000
650 ## - SUBJECT ADDED ENTRY--TOPICAL TERM
Topical term or geographic name as entry element price theory of macro economics
-- theory of production
-- product pricing
942 ## - ADDED ENTRY ELEMENTS (KOHA)
Koha item type Books (General)
Holdings
Withdrawn status Lost status Damaged status Not for loan Home library Current library Date acquired Total Checkouts Full call number Barcode Date last seen Date checked out Price effective from Koha item type Total Renewals
        College of Agriculture, Padannakkad College of Agriculture, Padannakkad 17/02/2016 1 330 DEW/MO KAU_COAP-06237 19/03/2024 16/03/2024 17/02/2016 Books (General)  
        College of Agriculture, Padannakkad College of Agriculture, Padannakkad 19/02/2016 6 330 DEW/MO KAU_COAP-06235 03/06/2025 03/06/2025 19/02/2016 Books (General) 1
        College of Agriculture, Padannakkad College of Agriculture, Padannakkad 19/02/2016 3 330 DEW/MO KAU_COAP-06236 30/04/2025 17/12/2022 19/02/2016 Books (General) 1
        College of Agriculture, Padannakkad College of Agriculture, Padannakkad 19/02/2016 1 330 DEW/MO KAU_COAP-06238 25/01/2023 09/01/2023 19/02/2016 Books (General)  
        College of Agriculture, Padannakkad College of Agriculture, Padannakkad 19/02/2016 4 330 DEW/MO KAU_COAP-06239 25/01/2023 09/01/2023 19/02/2016 Books (General) 1
Kerala Agricultural University Central Library
Thrissur-(Dt.), Kerala Pin:- 680656, India
Ph : (+91)(487) 2372219
E-mail: librarian@kau.in
Website: http://library.kau.in/